[Event "SRB-chT (Women) Div1"]
[Site "Senta"]
[Date "2023.10.18"]
[Round "9.4"]
[White "Djingarova, Emilia"]
[Black "Vujcic, Milena"]
[Result "0-1"]
[WhiteElo "2183"]
[BlackElo "2104"]
[PlyCount "104"]
[EventDate "2023.10.10"]
[EventType "team-tourn"]
[EventRounds "11"]
[EventCountry "SRB"]
[SourceTitle "Mega2024 Update 01"]
[Source "Chessbase"]
[SourceDate "2023.11.12"]
[SourceVersion "1"]
[SourceVersionDate "2023.11.12"]
[SourceQuality "1"]
[WhiteTeam "Pirot Cast i Slava (W)"]
[BlackTeam "Goracici Jelica (W)"]
[WhiteTeamCountry "SRB"]
[BlackTeamCountry "SRB"]

1. Nf3 Nf6 2. c4 g6 3. g3 Bg7 4. Bg2 0-0 5. 0-0 d6 6. d4 Nc6 7. Nc3 a6 8. d5 Na5 9. b3 c5 10. dxc6 bxc6 11. Bg5 Qc7 12. Qd2 Nh5 13. Rac1 Nb7 14. Nd4 Nd8 15. Rfd1 Rb8 16. Bh6 Bxh6 17. Qxh6 e5 18. Nf3 f5 19. Qd2 Nf7 20. Ng5 Nxg5 21. Qxg5 Be6 22. Nd5 Bxd5 23. cxd5 c5 24. Rc4 Kg7 25. Qc1 a5 26. Qc3 Nf6 27. e3 Rb4 28. Bf1 Rfb8 29. Qc1 e4 30. Rxb4 axb4 31. a4 Ra8 32. Be2 Nd7 33. Kg2 Ne5 34. Qa1 Kg8 35. Rd2 h6 36. Ra2 Ra5 37. Rc2 Qf7 38. Qd1 Qf6 39. f4 exf3+ 40. Bxf3 Qg5 41. e4 fxe4 42. Bxe4 Ng4 43. Qd2 Ne3+ 44. Kf2 Nxc2 45. Qxg5 hxg5 46. Bxc2 Kg7 47. Bd3 Kf6 48. Kf3 Ke5 49. Bc4 Kd4 50. Kg4 Rxa4 51. Kxg5 Ra2 52. h4 Rc2 0-1

[Event "PNWCC vs Europe Hybrid 04"]
[Site "Chess.com INT"]
[Date "2022.04.24"]
[Round "1"]
[White "Levine, Joseph1111"]
[Black "Djingarova, Emilia"]
[Result "1-0"]
[WhiteElo "2085"]
[BlackElo "2182"]
[PlyCount "91"]
[EventDate "2022.04.23"]
[EventType "team-tourn"]
[EventRounds "4"]
[EventCountry "USA"]
[SourceTitle "EXT 2023"]
[Source "ChessBase"]
[SourceDate "2022.10.05"]
[SourceVersion "1"]
[SourceVersionDate "2022.10.05"]
[SourceQuality "1"]
[WhiteTeam "PNWCC"]
[BlackTeam "Europe"]
[WhiteTeamCountry "USA"]

1. e4 c5 2. Nf3 e6 3. d3 Nc6 4. g3 Nge7 5. Bg2 g6 6. h4 h6 7. Be3 Bg7 8. c3 b6 9. 0-0 0-0 10. Qc2 e5 11. Rd1 d6 12. Nbd2 Bg4 13. Nf1 Qd7 14. N1h2 Bh3 15. Qd2 Kh7 16. h5 d5 17. Qe2 d4 18. Bd2 b5 19. cxd4 Nxd4 20. Nxd4 exd4 21. Rac1 Bxg2 22. Kxg2 Rac8 23. hxg6+ fxg6 24. b3 Ng8 25. Ng4 Nf6 26. Nxf6+ Rxf6 27. Rh1 Qf7 28. Bg5 Ra6 29. g4 h5 30. f4 Kg8 31. gxh5 gxh5 32. Rc2 c4 33. Qxh5 Qxh5 34. Rxh5 Rac6 35. bxc4 bxc4 36. Rh3 cxd3 37. Rxc6 Rxc6 38. Rxd3 Rc2+ 39. Kf3 Rxa2 40. e5 Ra4 41. Ke4 Kf7 42. Kf5 a5 43. e6+ Ke8 44. Kg6 Bf8 45. f5 Rb4 46. f6 1-0

[Event "PNWCC-Pirot Hybrid m3"]
[Site "Chess.com INT"]
[Date "2021.10.24"]
[Round "3"]
[White "Djingarova, Emilia"]
[Black "Dixit, Arun"]
[Result "0-1"]
[WhiteElo "2218"]
[BlackElo "2115"]
[PlyCount "136"]
[EventDate "2021.10.23"]
[EventType "team-match"]
[EventRounds "4"]
[EventCountry "USA"]
[SourceTitle "CBM 204 Extra"]
[Source "ChessBase"]
[SourceDate "2021.11.30"]
[SourceVersion "1"]
[SourceVersionDate "2021.11.30"]
[SourceQuality "1"]
[WhiteTeam "Pirot"]
[BlackTeam "PNWCC"]
[WhiteTeamCountry "SRB"]
[BlackTeamCountry "USA"]

1. d4 Nf6 2. Bf4 d5 3. e3 c5 4. Nc3 e6 5. Nb5 Na6 6. c3 Be7 7. Bd3 0-0 8. dxc5 Bxc5 9. Nf3 Bd7 10. Nbd4 Qb6 11. Qb1 Be7 12. Ne5 Ba4 13. 0-0 Nc5 14. b3 Nxd3 15. Qxd3 Be8 16. c4 Rd8 17. Bg3 Ne4 18. cxd5 Nxg3 19. hxg3 Rxd5 20. Qe4 f5 21. Qf4 g5 22. Nc4 gxf4 23. Nxb6 axb6 24. Nxe6 fxe3 25. Nxf8 e2 26. Rfe1 Re5 27. Nxh7 Kxh7 28. a3 Bb5 29. Ra2 Rd5 30. Kh2 Rd1 31. Raxe2 Bxe2 32. Rxe2 Bxa3 33. Re5 Bc5 34. Rxf5 Kg6 35. g4 Rd3 36. f4 Rxb3 37. Rg5+ Kf6 38. Rf5+ Ke6 39. Re5+ Kd6 40. Re2 Be3 41. g3 b5 42. g5 Ke6 43. Kh3 Kf5 44. Kh4 Rb1 45. Rh2 Rg1 46. g6 Kxg6 47. Rb2 b6 48. Kg4 Bc5 49. Rxb5 Ra1 50. Rb2 Ra4 51. Re2 b5 52. Re6+ Kf7 53. Kf5 b4 54. Rc6 Bd4 55. Rc7+ Ke8 56. Rb7 Kd8 57. g4 Kc8 58. Rb5 Kc7 59. Ke4 Kc6 60. Rb8 Bb6 61. Rc8+ Kb5 62. Kd3 Ra3+ 63. Kc2 Rf3 64. f5 Bd4 65. Rb8+ Kc4 66. Rc8+ Bc5 67. Rc7 b3+ 68. Kd1 Kd3 0-1

[Event "Torredembarra op 20th"]
[Site "Torredembarra"]
[Date "2018.07.08"]
[Round "9"]
[White "Djingarova, Emilia"]
[Black "Repiso Alvarez, Jorge"]
[Result "1-0"]
[WhiteElo "2218"]
[BlackElo "1893"]
[PlyCount "83"]
[EventDate "2018.06.30"]
[EventType "swiss"]
[EventRounds "9"]
[EventCountry "ESP"]
[SourceTitle "CBM 185 Extra"]
[Source "ChessBase"]
[SourceDate "2018.07.29"]
[SourceVersion "1"]
[SourceVersionDate "2018.07.29"]
[SourceQuality "1"]

1. Nf3 Nf6 2. d4 g6 3. Nbd2 d5 4. b4 a5 5. b5 a4 6. e3 Bg7 7. Bd3 c5 8. bxc6 Nxc6 9. Ba3 Qa5 10. 0-0 0-0 11. Rb1 Re8 12. Rb5 Qc7 13. c4 Ra5 14. Bc5 Rxb5 15. cxb5 b6 16. Ba3 Na5 17. Qxa4 Ng4 18. Rc1 Qb8 19. h3 e5 20. dxe5 Nxe5 21. Nxe5 Qxe5 22. Nf3 Qh5 23. Qf4 Bh6 24. Qf6 Bg7 25. Qg5 Qxg5 26. Nxg5 d4 27. exd4 Bxd4 28. Nf3 Bg7 29. Bb4 Be6 30. a3 Rd8 31. Be2 Nb3 32. Rc6 Nd4 33. Nxd4 Bxd4 34. Bf3 Bd5 35. Bxd5 Rxd5 36. a4 Rf5 37. Be1 Kg7 38. Kf1 Re5 39. Rc4 Bb2 40. Bd2 Rd5 41. Ke2 Kf6 42. Rc6+ 1-0

[Event "Torredembarra op 20th"]
[Site "Torredembarra"]
[Date "2018.07.02"]
[Round "3"]
[White "Djingarova, Emilia"]
[Black "Delchev, Aleksander"]
[Result "0-1"]
[WhiteElo "2218"]
[BlackElo "2563"]
[PlyCount "54"]
[EventDate "2018.06.30"]
[EventType "swiss"]
[EventRounds "9"]
[EventCountry "ESP"]
[SourceTitle "CBM 185 Extra"]
[Source "ChessBase"]
[SourceDate "2018.07.29"]
[SourceVersion "1"]
[SourceVersionDate "2018.07.29"]
[SourceQuality "1"]

1. Nf3 d5 2. g3 Nc6 3. Bg2 e5 4. d3 Nf6 5. 0-0 Be7 6. c3 0-0 7. Qc2 Bf5 8. Nh4 Bg4 9. e4 Qd7 10. Re1 Rad8 11. Nd2 d4 12. Bf1 Bh3 13. Be2 dxc3 14. bxc3 Ng4 15. Nf5 Bc5 16. Bxg4 Bxg4 17. Nb3 Bb6 18. Ne3 f5 19. Nxg4 fxg4 20. Be3 Qxd3 21. Qxd3 Rxd3 22. Bxb6 axb6 23. Rac1 Rff3 24. c4 Nb4 25. Re2 Rc3 26. Rd1 Rxc4 27. Rd8+ Rf8 0-1

[Event "Hersonissos op 2nd"]
[Site "Hersonissos"]
[Date "2018.06.23"]
[Round "8"]
[White "Haug, Johannes"]
[Black "Djingarova, Emilia"]
[Result "1-0"]
[WhiteElo "2401"]
[BlackElo "2218"]
[PlyCount "129"]
[EventDate "2018.06.17"]
[EventType "swiss"]
[EventRounds "9"]
[EventCountry "GRE"]
[SourceTitle "CBM 185 Extra"]
[Source "ChessBase"]
[SourceDate "2018.07.29"]
[SourceVersion "1"]
[SourceVersionDate "2018.07.29"]
[SourceQuality "1"]

1. d4 d5 2. c4 c6 3. Nc3 Nf6 4. Nf3 e6 5. e3 Be7 6. Qc2 0-0 7. e4 dxe4 8. Nxe4 Bb4+ 9. Nc3 c5 10. dxc5 Bxc5 11. Bd3 Nc6 12. a3 h6 13. 0-0 e5 14. Rd1 Qe7 15. h3 Re8 16. Ne4 Nd4 17. Nxd4 Bxd4 18. Be3 Bxe3 19. fxe3 Nxe4 20. Bxe4 Be6 21. b4 Rac8 22. c5 Rc7 23. Qd2 Qg5 24. Kh1 Qh4 25. Bc2 Rd7 26. Qe2 Bc4 27. Qf3 e4 28. Qg4 Qxg4 29. hxg4 Rde7 30. Rd4 Be2 31. Bd1 Bd3 32. a4 a6 33. Kh2 Re5 34. Rc1 R8e7 35. Rd8+ Kh7 36. Bb3 Rc7 37. Rd5 Rxd5 38. Bxd5 Kg6 39. c6 b5 40. a5 Kf6 41. Kg3 Ke7 42. Kf4 Kd6 43. Rc5 Bb1 44. g5 hxg5+ 45. Kxg5 Bd3 46. Kf5 f6 47. Kg6 Bb1 48. Bf7 Bd3 49. Rd5+ Ke7 50. Rd7+ Rxd7 51. cxd7 Bf1 52. g3 Bh3 53. d8Q+ Kxd8 54. Kxg7 Ke7 55. Bd5 Bc8 56. Bxe4 Ke6 57. Kf8 Ke5 58. Bf3 Kd6 59. Kf7 f5 60. Kf6 Bd7 61. Bb7 Kc7 62. Bxa6 Kc6 63. Ke7 f4 64. exf4 Bg4 65. Kd8 1-0

[Event "Kavala op 24th"]
[Site "Kavala"]
[Date "2015.08.06"]
[Round "4"]
[White "Pavlidis, Antonios"]
[Black "Djingarova, Emilia"]
[Result "1-0"]
[WhiteElo "2529"]
[BlackElo "2287"]
[PlyCount "69"]
[EventDate "2015.08.04"]
[EventType "swiss"]
[EventRounds "9"]
[EventCountry "GRE"]
[SourceTitle "CBM 167 Extra"]
[Source "ChessBase"]
[SourceDate "2015.09.14"]
[SourceVersion "1"]
[SourceVersionDate "2015.09.14"]
[SourceQuality "1"]

1. e4 e5 2. Nf3 Nc6 3. Bb5 a6 4. Ba4 Nf6 5. 0-0 Be7 6. d3 d6 7. c3 0-0 8. Nbd2 b5 9. Bc2 d5 10. Re1 dxe4 11. dxe4 Be6 12. Qe2 Bc5 13. b4 Bd6 14. a4 Bd7 15. Bd3 Rb8 16. axb5 axb5 17. Nb3 Ne7 18. Be3 Ng6 19. Ra5 Nh5 20. Bxb5 Nhf4 21. Qf1 Rxb5 22. Rxb5 Nxg2 23. Kxg2 Nh4+ 24. Nxh4 Qxh4 25. Kh1 Bxb5 26. Qxb5 Qxe4+ 27. Kg1 f5 28. Nd2 Qg4+ 29. Kh1 e4 30. Qf1 f4 31. Bc5 Bxc5 32. bxc5 f3 33. Rxe4 Qh5 34. Re3 Qg4 35. Qc4+ 1-0

[Event "Heraklion Gazi op 11th"]
[Site "Heraklion"]
[Date "2015.08.01"]
[Round "9"]
[White "Djingarova, Emilia"]
[Black "Poulopoulos, Ioannis"]
[Result "1/2-1/2"]
[WhiteElo "2270"]
[BlackElo "2133"]
[PlyCount "80"]
[EventDate "2015.07.25"]
[EventType "swiss"]
[EventRounds "9"]
[EventCountry "GRE"]
[SourceTitle "CBM 167 Extra"]
[Source "ChessBase"]
[SourceDate "2015.09.14"]
[SourceVersion "1"]
[SourceVersionDate "2015.09.14"]
[SourceQuality "1"]

1. Nf3 Nf6 2. g3 d5 3. Bg2 c6 4. 0-0 Bg4 5. d3 Nbd7 6. Qe1 e5 7. e4 dxe4 8. dxe4 Be7 9. Nbd2 0-0 10. a4 Re8 11. h3 Bh5 12. Nh4 Bb4 13. c3 Bf8 14. Nc4 Nc5 15. b4 Nb3 16. Rb1 Qd3 17. Rxb3 Qxc4 18. Rb2 a5 19. g4 Bg6 20. Nxg6 hxg6 21. bxa5 Rxa5 22. Rxb7 Rxa4 23. Be3 Nxe4 24. Qd1 Nxc3 25. Qd7 Re7 26. Qxc6 Qxc6 27. Bxc6 Rxb7 28. Bxb7 f5 29. Re1 Bb4 30. Bd2 Ra5 31. Bc8 f4 32. Be6+ Kf8 33. Rb1 Ne2+ 34. Kf1 Ng3+ 35. fxg3 Bxd2 36. Ke2 Be3 37. gxf4 exf4 38. Rb7 Ra3 39. h4 Bd4 40. Bb3 Ra7 1/2-1/2

[Event "Paleochora op 8th"]
[Site "Paleochora"]
[Date "2015.07.24"]
[Round "9"]
[White "Kerigan, Demre"]
[Black "Djingarova, Emilia"]
[Result "1/2-1/2"]
[WhiteElo "2403"]
[BlackElo "2270"]
[PlyCount "24"]
[EventDate "2015.07.17"]
[EventType "swiss"]
[EventRounds "9"]
[EventCountry "GRE"]
[SourceTitle "CBM 167 Extra"]
[Source "ChessBase"]
[SourceDate "2015.09.14"]
[SourceVersion "1"]
[SourceVersionDate "2015.09.14"]
[SourceQuality "1"]

1. e4 d6 2. d4 Nf6 3. Nc3 e5 4. Nf3 Nbd7 5. Bc4 Be7 6. 0-0 0-0 7. Qe2 c6 8. a4 exd4 9. Nxd4 Re8 10. Be3 Bf8 11. Nf3 h6 12. Nd2 Ne5 1/2-1/2

[Event "Paleochora op 8th"]
[Site "Paleochora"]
[Date "2015.07.23"]
[Round "8"]
[White "Djingarova, Emilia"]
[Black "Papadopoulos, Panayotis"]
[Result "1-0"]
[WhiteElo "2270"]
[BlackElo "2001"]
[PlyCount "59"]
[EventDate "2015.07.17"]
[EventType "swiss"]
[EventRounds "9"]
[EventCountry "GRE"]
[SourceTitle "CBM 167 Extra"]
[Source "ChessBase"]
[SourceDate "2015.09.14"]
[SourceVersion "1"]
[SourceVersionDate "2015.09.14"]
[SourceQuality "1"]

1. d4 Nf6 2. Nf3 e6 3. c4 c5 4. d5 b5 5. e4 Nxe4 6. Bd3 Nf6 7. 0-0 Qc7 8. Nc3 a6 9. Re1 Be7 10. Bg5 b4 11. Ne4 d6 12. dxe6 Bxe6 13. Nxf6+ gxf6 14. Be4 Ra7 15. Bh6 Nd7 16. Bd5 Ne5 17. Bxe6 fxe6 18. Nxe5 fxe5 19. Bg7 Rg8 20. Qh5+ Kd7 21. Qxh7 Raa8 22. Bf6 Rge8 23. Rad1 Kc6 24. Bxe7 Qxe7 25. Qe4+ Kc7 26. a3 Rab8 27. axb4 Rxb4 28. Ra1 Rxb2 29. Rxa6 Reb8 30. Qc6+ 1-0

[Event "Paleochora op 8th"]
[Site "Paleochora"]
[Date "2015.07.22"]
[Round "7"]
[White "Ernst, Sipke"]
[Black "Djingarova, Emilia"]
[Result "1-0"]
[WhiteElo "2545"]
[BlackElo "2270"]
[PlyCount "63"]
[EventDate "2015.07.17"]
[EventType "swiss"]
[EventRounds "9"]
[EventCountry "GRE"]
[SourceTitle "CBM 167 Extra"]
[Source "ChessBase"]
[SourceDate "2015.09.14"]
[SourceVersion "1"]
[SourceVersionDate "2015.09.14"]
[SourceQuality "1"]

1. c4 e5 2. Nc3 Nc6 3. Nf3 g6 4. d4 exd4 5. Nxd4 Bg7 6. Nxc6 bxc6 7. g3 Ne7 8. Bg2 0-0 9. 0-0 d6 10. Bg5 f6 11. Bf4 Be6 12. Qd3 Qd7 13. Rfd1 Rab8 14. b3 Rbd8 15. Rac1 g5 16. Be3 c5 17. Qc2 Qc8 18. Bd2 Nf5 19. Nd5 Kh8 20. e3 c6 21. Nc3 Ne7 22. Ne2 Ng6 23. Ba5 Rd7 24. f4 Ne7 25. Rd2 d5 26. cxd5 Nxd5 27. Qxc5 Qa6 28. Nd4 Nxe3 29. Nxe6 Rxd2 30. Bxd2 Nxg2 31. Nxf8 Qd3 32. Qf2 1-0

[Event "Paleochora op 8th"]
[Site "Paleochora"]
[Date "2015.07.18"]
[Round "3"]
[White "David, Alberto"]
[Black "Djingarova, Emilia"]
[Result "0-1"]
[WhiteElo "2575"]
[BlackElo "2270"]
[PlyCount "106"]
[EventDate "2015.07.17"]
[EventType "swiss"]
[EventRounds "9"]
[EventCountry "GRE"]
[SourceTitle "CBM 167 Extra"]
[Source "ChessBase"]
[SourceDate "2015.09.14"]
[SourceVersion "1"]
[SourceVersionDate "2015.09.14"]
[SourceQuality "1"]

1. e4 d6 2. d4 Nf6 3. Nc3 e5 4. Nf3 exd4 5. Nxd4 Be7 6. Be2 0-0 7. Bf4 Re8 8. Qd2 Bf8 9. f3 c6 10. 0-0-0 d5 11. exd5 Nxd5 12. Nxd5 Qxd5 13. Kb1 Na6 14. Bxa6 bxa6 15. Qc3 c5 16. Nb3 Qf5 17. Bd6 Bxd6 18. Rxd6 Qf4 19. Qxc5 Be6 20. Nd4 Bc4 21. b3 Bb5 22. a4 Rac8 23. Qd5 Bd3 24. Rd1 Bg6 25. Nc6 Qe3 26. Kb2 Kf8 27. Rd2 Qg1 28. h4 h5 29. Rxg6 fxg6 30. Ne5 Rxe5 31. Qxe5 Re8 32. Qf4+ Kg8 33. Rd7 Kh7 34. Qf7 Rg8 35. Rxa7 Qd4+ 36. Ka2 Qxh4 37. Rxa6 Qg5 38. g4 Rc8 39. Kb1 h4 40. Qe6 Rf8 41. Qe2 Rd8 42. Re6 h3 43. Qh2 Rd1+ 44. Kb2 Qc1+ 45. Kc3 Qa1+ 46. Kb4 Qd4+ 47. c4 Rd3 48. Qxh3+ Kg8 49. g5 Qc3+ 50. Kc5 Qa5+ 51. Kc6 Kf7 52. Re4 Qa6+ 53. Kc7 Qd6+ 0-1

[Event "BUL-chT (Women) 48th"]
[Site "Sunny Beach"]
[Date "2015.06.02"]
[Round "3.3"]
[White "Djingarova, Emilia"]
[Black "Zlatanova, Emilia"]
[Result "1-0"]
[WhiteElo "2264"]
[BlackElo "1988"]
[PlyCount "71"]
[EventDate "2015.05.31"]
[EventType "team-tourn"]
[EventRounds "7"]
[EventCountry "BUL"]
[SourceTitle "CBM 166 Extra"]
[Source "ChessBase"]
[SourceDate "2015.06.18"]
[SourceVersion "1"]
[SourceVersionDate "2015.06.18"]
[SourceQuality "1"]
[WhiteTeam "Plovdiv Lokomotiv (W)"]
[BlackTeam "Pernik Krakra Pernishki (W)"]
[WhiteTeamCountry "BUL"]
[BlackTeamCountry "BUL"]

1. d4 Nf6 2. c4 g6 3. Nc3 d5 4. cxd5 Nxd5 5. e4 Nxc3 6. bxc3 Bg7 7. Nf3 c5 8. Be3 Qa5 9. Nd2 cxd4 10. Nc4 Qd8 11. cxd4 Nd7 12. Rb1 b6 13. Bd3 0-0 14. 0-0 e5 15. d5 Nc5 16. Bxc5 bxc5 17. Rb5 Ba6 18. Rxc5 Bxc4 19. Rxc4 f5 20. Qc2 fxe4 21. Bxe4 Rb8 22. Rd1 Rf6 23. Rc6 Rd6 24. Qa4 a5 25. Rxd6 Qxd6 26. Qxa5 Rb4 27. Bf3 e4 28. Bg4 Be5 29. Be6+ Kg7 30. Qa7+ Kh6 31. g3 Rb2 32. Bg8 Qc7 33. Qxc7 Bxc7 34. d6 Bb6 35. d7 Rxf2 36. d8Q 1-0

[Event "Basel op"]
[Site "Basel"]
[Date "2015.01.03"]
[Round "4"]
[White "Pelletier, Yannick"]
[Black "Djingarova, Emilia"]
[Result "1/2-1/2"]
[WhiteElo "2588"]
[BlackElo "2235"]
[PlyCount "70"]
[EventDate "2015.01.01"]
[EventType "swiss"]
[EventRounds "7"]
[EventCountry "SUI"]
[SourceTitle "CBM 164 Extra"]
[Source "ChessBase"]
[SourceDate "2015.03.02"]
[SourceVersion "1"]
[SourceVersionDate "2015.03.02"]
[SourceQuality "1"]

1. d4 Nf6 2. Nf3 e6 3. c4 d5 4. Nc3 Be7 5. Bf4 0-0 6. e3 c5 7. dxc5 Bxc5 8. a3 dxc4 9. Qc2 a6 10. Rd1 Nbd7 11. Bxc4 b5 12. Bd3 Bb7 13. Ne5 h6 14. Bh7+ Kh8 15. Be4 Qc8 16. Nxd7 Nxd7 17. 0-0 Nf6 18. Bxb7 Qxb7 19. Bd6 Bxd6 20. Rxd6 Rfd8 21. Qd3 Rxd6 22. Qxd6 Rc8 23. Rd1 a5 24. Qe5 b4 25. Nb5 bxa3 26. bxa3 Nd7 27. Qb2 a4 28. Qe2 Qa6 29. h3 Nf6 30. Rd6 Qa5 31. Rd4 Nd5 32. g3 Nc3 33. Nxc3 Rxc3 34. Qd2 Qc5 35. Rxa4 Rxa3 1/2-1/2

[Event "Basel op"]
[Site "Basel"]
[Date "2015.01.02"]
[Round "2"]
[White "Toenz, Arthur"]
[Black "Djingarova, Emilia"]
[Result "0-1"]
[WhiteElo "2006"]
[BlackElo "2235"]
[PlyCount "100"]
[EventDate "2015.01.01"]
[EventType "swiss"]
[EventRounds "7"]
[EventCountry "SUI"]
[SourceTitle "CBM 164 Extra"]
[Source "ChessBase"]
[SourceDate "2015.03.02"]
[SourceVersion "1"]
[SourceVersionDate "2015.03.02"]
[SourceQuality "1"]

1. d4 d6 2. c4 e5 3. dxe5 dxe5 4. Qxd8+ Kxd8 5. Nc3 Be6 6. Nf3 f6 7. e3 Na6 8. Be2 Bb4 9. Bd2 Nc5 10. 0-0 Kc8 11. Rfd1 Bxc3 12. Bxc3 a5 13. Nd2 Nh6 14. b3 Rd8 15. h3 Bf5 16. Rac1 Nf7 17. Nf3 Nd6 18. Nh4 Be6 19. Nf3 Nde4 20. Ba1 Ra6 21. Rxd8+ Kxd8 22. Rd1+ Kc8 23. Kf1 Rb6 24. Nd2 Nxd2+ 25. Rxd2 a4 26. bxa4 Rb1+ 27. Rd1 Rxd1+ 28. Bxd1 Bxc4+ 29. Be2 Bxe2+ 30. Kxe2 Nxa4 31. Kd3 b5 32. f4 exf4 33. exf4 c5 34. g4 Kd7 35. f5 Kd6 36. h4 h6 37. h5 Kd5 38. g5 c4+ 39. Kc2 Ke4 40. Bxf6 Kxf5 41. gxh6 gxh6 42. Bh4 Kg4 43. Be1 Kxh5 44. a3 Kg4 45. Kd2 h5 46. Ke3 h4 47. Kf2 c3 48. Kg2 c2 49. Bd2 Nc3 50. Kf1 Na2 0-1

[Event "BUL-chT (Women) 47th"]
[Site "Sunny Beach"]
[Date "2014.09.22"]
[Round "4.2"]
[White "Djingarova, Emilia"]
[Black "Genova, Liubka"]
[Result "1-0"]
[WhiteElo "2234"]
[BlackElo "2254"]
[PlyCount "131"]
[EventDate "2014.09.19"]
[EventType "team-tourn"]
[EventRounds "7"]
[EventCountry "BUL"]
[SourceTitle "EXT 2015"]
[Source "ChessBase"]
[SourceDate "2014.11.20"]
[SourceVersion "1"]
[SourceVersionDate "2014.11.20"]
[SourceQuality "1"]
[WhiteTeam "Plovdiv Lokomotiv (W)"]
[BlackTeam "Sofia CSKA (W)"]
[WhiteTeamCountry "BUL"]
[BlackTeamCountry "BUL"]

1. e4 c5 2. Nf3 e6 3. d4 cxd4 4. Nxd4 Nc6 5. Nc3 Qc7 6. Qd3 a6 7. Nxc6 dxc6 8. f4 e5 9. fxe5 Ne7 10. Be2 Ng6 11. 0-0 Be6 12. Qg3 Qxe5 13. Qxe5 Nxe5 14. Bf4 Bd6 15. Rad1 Bc5+ 16. Kh1 Ng4 17. Bxg4 Bxg4 18. Rd3 h5 19. h3 Be6 20. b3 Bb4 21. Rfd1 Bxc3 22. Rxc3 0-0 23. Rc5 Rfd8 24. Re1 Rd7 25. Rxh5 Rad8 26. Kh2 Rd1 27. Re2 Rf1 28. Bd2 Rd7 29. Rg5 f6 30. Rg3 Kf7 31. Rf3 Rxf3 32. gxf3 Rd8 33. Kg3 Rd7 34. h4 f5 35. Kf4 fxe4 36. fxe4 Rd8 37. h5 Rh8 38. Kg5 Rh6 39. e5 Bd7 40. Bb4 Re6 41. Rf2+ Kg8 42. Rf8+ Kh7 43. Bd6 c5 44. Rf7 Bc6 45. Kf5 Rh6 46. Kg5 Re6 47. c4 Kg8 48. Rf8+ Kh7 49. Rf7 Kg8 50. Rc7 Kh7 51. Re7 Rxe7 52. Bxe7 Bd7 53. Bxc5 Kg8 54. Kg6 Be8+ 55. Kf5 Bxh5 56. Ke6 Bf3 57. Ke7 g5 58. e6 Bc6 59. Kd8 g4 60. Bd6 Kg7 61. a4 Kf6 62. e7 Kf7 63. b4 b5 64. cxb5 axb5 65. a5 Ke6 66. Bg3 1-0

[Event "BUL-chT (Women) 47th"]
[Site "Sunny Beach"]
[Date "2014.09.19"]
[Round "1.2"]
[White "Maksimovic, Suzana"]
[Black "Djingarova, Emilia"]
[Result "1/2-1/2"]
[WhiteElo "2198"]
[BlackElo "2234"]
[PlyCount "63"]
[EventDate "2014.09.19"]
[EventType "team-tourn"]
[EventRounds "7"]
[EventCountry "BUL"]
[SourceTitle "EXT 2015"]
[Source "ChessBase"]
[SourceDate "2014.11.20"]
[SourceVersion "1"]
[SourceVersionDate "2014.11.20"]
[SourceQuality "1"]
[WhiteTeam "Sofia Shah XXI (W)"]
[BlackTeam "Plovdiv Lokomotiv (W)"]
[WhiteTeamCountry "BUL"]
[BlackTeamCountry "BUL"]

1. d4 d5 2. c4 c6 3. Nf3 Nf6 4. cxd5 cxd5 5. e3 Nc6 6. Nc3 a6 7. Bd3 Bg4 8. 0-0 e6 9. h3 Bh5 10. Bd2 Bd6 11. Rc1 0-0 12. Na4 Bg6 13. Bxg6 hxg6 14. a3 Ne4 15. Nc3 Nxc3 16. Bxc3 Rc8 17. Qe2 Na5 18. Bxa5 Qxa5 19. Qd2 Qxd2 20. Nxd2 Rfd8 21. Nb3 b6 22. Rxc8 Rxc8 23. Rc1 Rxc1+ 24. Nxc1 Kf8 25. Kf1 Ke7 26. Ke2 Kd7 27. Nd3 f6 28. a4 a5 29. f4 Ke7 30. Kd2 Kd7 31. Ke2 Ke7 32. Kd2 1/2-1/2

[Event "Olympiad Women-41"]
[Site "Tromsoe"]
[Date "2014.08.10"]
[Round "8.3"]
[White "Djingarova, Emilia"]
[Black "Alymbay, Kyzy Aizhan"]
[Result "1-0"]
[WhiteElo "2303"]
[BlackElo "1859"]
[PlyCount "67"]
[EventDate "2014.08.02"]
[EventType "team-swiss"]
[EventRounds "11"]
[EventCountry "NOR"]
[SourceTitle "CBM 162"]
[Source "ChessBase"]
[SourceDate "2014.09.17"]
[SourceVersion "1"]
[SourceVersionDate "2014.09.17"]
[SourceQuality "1"]
[WhiteTeam "Bulgaria (W)"]
[BlackTeam "Kyrgyzstan (W)"]
[WhiteTeamCountry "BUL"]
[BlackTeamCountry "KGZ"]

1. e4 c6 2. d3 d5 3. Nd2 e5 4. Ngf3 Bd6 5. g3 Nf6 6. Bg2 0-0 7. 0-0 Bg4 8. h3 Be6 9. d4 Nbd7 10. exd5 Bxd5 11. c4 Be6 12. Qc2 h6 13. Re1 exd4 14. Nxd4 Qb6 15. N2f3 Nc5 16. Be3 Bd7 17. Nf5 Bc7 18. Bd4 Bd8 19. Re5 Nfe4 20. N3h4 Bf6 21. Rxe4 Bxd4 22. Rxd4 Rad8 23. Rad1 Be6 24. Qd2 Rxd4 25. Qxd4 Bxf5 26. Nxf5 Ne6 27. Qxb6 axb6 28. Rd7 Rb8 29. b4 Kf8 30. Nd6 Nd8 31. b5 g6 32. Rc7 Ra8 33. Rc8 Rxc8 34. Nxc8 1-0

[Event "Paleochora op 7th"]
[Site "Paleochora"]
[Date "2014.07.23"]
[Round "4"]
[White "Mirzoev, Azer"]
[Black "Djingarova, Emilia"]
[Result "1-0"]
[WhiteElo "2554"]
[BlackElo "2303"]
[PlyCount "75"]
[EventDate "2014.07.21"]
[EventType "swiss"]
[EventRounds "9"]
[EventCountry "GRE"]
[SourceTitle "CBM 161 Extra"]
[Source "ChessBase"]
[SourceDate "2014.08.29"]
[SourceVersion "1"]
[SourceVersionDate "2014.08.29"]
[SourceQuality "1"]

1. d4 Nf6 2. c4 e6 3. Nc3 Bb4 4. Qc2 d6 5. a3 Bxc3+ 6. Qxc3 Nbd7 7. Nh3 b6 8. f3 Bb7 9. e4 e5 10. d5 a5 11. b3 Nc5 12. Be3 0-0 13. Be2 Bc8 14. Nf2 Ne8 15. 0-0 a4 16. b4 Nb3 17. Rae1 f5 18. f4 exf4 19. Bxf4 Qf6 20. e5 dxe5 21. Bxe5 Qh6 22. Nd3 Qd2 23. Nf4 Qxc3 24. Bxc3 Nd6 25. Bd3 Ba6 26. Ne6 Rf7 27. b5 Bb7 28. Bb4 Rc8 29. Ng5 Rff8 30. Bxd6 cxd6 31. Bxf5 Rxf5 32. Rxf5 h6 33. Ne4 Rd8 34. h3 Bc8 35. Rf4 Kh7 36. Kh2 Kg6 37. Re3 Na5 38. Rg3+ 1-0

[Event "SRB-chT1 (Women)"]
[Site "Nis"]
[Date "2013.11.03"]
[Round "4.3"]
[White "Pavlovic, Branka"]
[Black "Djingarova, Emilia"]
[Result "1/2-1/2"]
[WhiteElo "1838"]
[BlackElo "2291"]
[PlyCount "49"]
[EventDate "2013.11.01"]
[EventType "team-tourn"]
[EventRounds "5"]
[EventCountry "SRB"]
[SourceTitle "EXT 2015"]
[Source "ChessBase"]
[SourceDate "2014.11.20"]
[SourceVersion "1"]
[SourceVersionDate "2014.11.20"]
[SourceQuality "1"]
[WhiteTeam "Nis Ekonomist (W)"]
[BlackTeam "Pirot Cast i Slava (W)"]
[WhiteTeamCountry "SRB"]
[BlackTeamCountry "SRB"]

1. e4 c5 2. Nf3 d6 3. g3 Nc6 4. c3 e5 5. Bg2 g6 6. d3 Bg7 7. 0-0 Nge7 8. Nbd2 0-0 9. Nc4 h6 10. Ne3 Be6 11. Re1 Qd7 12. Qc2 Rac8 13. Bh1 b6 14. Nh4 d5 15. exd5 Nxd5 16. Qe2 Rfe8 17. Nhg2 Rcd8 18. Rd1 f5 19. Bd2 f4 20. Nc2 g5 21. Nge1 g4 22. f3 Rf8 23. fxg4 Nde7 24. Bf3 Bd5 25. Be4 1/2-1/2